| 000 | 00934cam a22002411a 4500 | ||
|---|---|---|---|
| 005 | 20160202150305.0 | ||
| 008 | 800313s1965 dcua frb f000 0 eng c | ||
| 040 |
_aU. S. Nat'l Agr. Libr. _cViRU _dDNAL _dOCoLC _dDLC _dCO-BoIAVH |
||
| 041 | 0 | _aeng | |
| 044 | _axxu | ||
| 082 | 0 | 4 |
_a595.796 _bS64h |
| 100 | 1 |
_aSmith, Marion R. _d1894- |
|
| 245 | 1 | 0 |
_aHouse-infesting ants of the eastern United States : _btheir recognition, biology, and economic importance / _cby Marion R. Smith. |
| 260 |
_aWashington : _bU.S. Dept. of Agriculture, _c1965. |
||
| 300 |
_aii, 105 páginas : _bIlustraciones ; _c24 x 15 cm. |
||
| 490 | 1 |
_aTechnical bulletin / United States Department of Agriculture ; _vno. 1326 |
|
| 504 | _aBibliografía: páginas 98-105. | ||
| 650 | 0 |
_aAnts _zUnited States. |
|
| 650 | 0 |
_aHormigas _xClasificación |
|
| 650 | 0 |
_aHormigas _x Taxonomía. |
|
| 662 | _aEstados Unidos | ||
| 942 |
_2ddc _cLIBRO |
||
| 999 |
_c18085 _d18085 |
||